Online Catalogue and eLibrary

If only someone had broken the Silence : (Record no. 2878)

MARC details
000 -LEADER
fixed length control field 00407nam a2200157Ia 4500
005 - DATE AND TIME OF LATEST TRANSACTION
control field 20250108023300.0
008 - FIXED-LENGTH DATA ELEMENTS--GENERAL INFORMATION
fixed length control field 240331s9999 xx 000 0 und d
082 ## - DDC Classification
Item Number - Author Mark BHA
Class No. 362
100 ## - MAIN ENTRY--PERSONAL NAME
Personal name Bhasin, K
245 #0 - TITLE STATEMENT
Title If only someone had broken the Silence :
Remainder of title sexual violence on children
250 ## - EDITION STATEMENT
Edition statement 1st
260 ## - PUBLICATION, DISTRIBUTION, ETC.
Place of publication, distribution, etc. New Delhi
Date of publication, distribution, etc. 2003
Name of publisher, distributor, etc. SANGAT
300 ## - PHYSICAL DESCRIPTION
Extent (e.g. Volumes, Pages etc.) 26 p.,
650 ## - SUBJECT ADDED ENTRY--TOPICAL TERM
Topical term or geographic name entry element Sexual Violence
942 ## - Koha item type (Biblio)
Koha item type Books in Stacks (Lending)
Holdings
Lost status Damaged status Collection code Home library Current library Shelving location Date acquired Full call number Accession Number Item type
    Lending WERC Library WERC Library Social Science Cupboard 03/31/2024 362.3 BHA 1930 Books in Stacks (Lending)

© WERC Library